00428 a2200097 4500001001000000005001700010008004100027245019500068100002000263773004700283ART_5890920260410162051.0260409a 10aFiscalidad internacional del desarrollo de software y actividades vinculadas. La difícil situación del profesional / técnico argentino frente a la alta tentación de la plaza uruguaya1 aCarbone, Sergio0 tImpuestosg- N° 152 (jul. 2023)wREV45175